<?xml version="1.0" encoding="UTF-8"?>
<record
    xmlns:xsi="http://www.w3.org/2001/XMLSchema-instance"
    xsi:schemaLocation="http://www.loc.gov/MARC21/slim http://www.loc.gov/standards/marcxml/schema/MARC21slim.xsd"
    xmlns="http://www.loc.gov/MARC21/slim">

  <leader>00465nam a22001817a 4500</leader>
  <datafield tag="999" ind1=" " ind2=" ">
    <subfield code="c">167048</subfield>
    <subfield code="d">167048</subfield>
  </datafield>
  <controlfield tag="005">20190820151511.0</controlfield>
  <datafield tag="010" ind1=" " ind2=" ">
    <subfield code="a">B-024054</subfield>
  </datafield>
  <datafield tag="020" ind1=" " ind2=" ">
    <subfield code="c">22.50</subfield>
  </datafield>
  <datafield tag="035" ind1=" " ind2=" ">
    <subfield code="a">B-024054</subfield>
  </datafield>
  <datafield tag="100" ind1=" " ind2=" ">
    <subfield code="a">ACH</subfield>
  </datafield>
  <datafield tag="245" ind1=" " ind2=" ">
    <subfield code="a">Machine Tool Design/</subfield>
  </datafield>
  <datafield tag="250" ind1=" " ind2=" ">
    <subfield code="a">Third </subfield>
    <subfield code="b">1982</subfield>
  </datafield>
  <datafield tag="260" ind1=" " ind2=" ">
    <subfield code="a">Russian</subfield>
    <subfield code="b">Moscow</subfield>
    <subfield code="c">1968</subfield>
  </datafield>
  <datafield tag="270" ind1=" " ind2=" ">
    <subfield code="a">NIll</subfield>
    <subfield code="b">Russian</subfield>
  </datafield>
  <datafield tag="300" ind1=" " ind2=" ">
    <subfield code="a">600p.</subfield>
    <subfield code="b">ill</subfield>
    <subfield code="c">20cm.(Hb.)</subfield>
  </datafield>
  <datafield tag="600" ind1=" " ind2=" ">
    <subfield code="d">English Translation by mir Publishers </subfield>
  </datafield>
  <datafield tag="942" ind1=" " ind2=" ">
    <subfield code="2">ddc</subfield>
    <subfield code="c">EN</subfield>
    <subfield code="h">621.382</subfield>
    <subfield code="m">ACH</subfield>
  </datafield>
  <datafield tag="952" ind1=" " ind2=" ">
    <subfield code="0">0</subfield>
    <subfield code="1">0</subfield>
    <subfield code="3">Vol-1</subfield>
    <subfield code="4">0</subfield>
    <subfield code="7">0</subfield>
    <subfield code="8">NFIC</subfield>
    <subfield code="a">L</subfield>
    <subfield code="b">L</subfield>
    <subfield code="d">2019-08-20</subfield>
    <subfield code="g">22.50</subfield>
    <subfield code="l">1</subfield>
    <subfield code="m">2</subfield>
    <subfield code="o">621.382 ACH</subfield>
    <subfield code="p">B-024054</subfield>
    <subfield code="r">2019-09-17 00:00:00</subfield>
    <subfield code="s">2019-08-21</subfield>
    <subfield code="t">1</subfield>
    <subfield code="v">22.50</subfield>
    <subfield code="w">2019-08-20</subfield>
    <subfield code="y">EN</subfield>
  </datafield>
</record>
